[Event "Bucharest Superbet Classic"]
[Site "Bucharest"]
[Date "2021.06.12"]
[Round "7"]
[White "Caruana, Fabiano"]
[Black "Mamedyarov, Shakhriyar"]
[Result "0-1"]
[WhiteElo "2820"]
[BlackElo "2770"]
[Annotator "Giri,Anish"]
[PlyCount "96"]
[EventDate "2021.06.05"]
[EventType "tourn"]
[EventRounds "9"]
[EventCountry "ROU"]
[EventCategory "20"]
[SourceTitle "CBM 203"]
[Source "ChessBase"]
[SourceDate "2021.08.31"]
[SourceVersion "1"]
[SourceVersionDate "2021.08.31"]
[SourceQuality "1"]

1. e4 e5 2. Nf3 Nc6 3. Bb5 Nf6 {The Berlin is a very rare guest in the
practice of Shakhriyar. I thought he has never played it before, but upon
checking the database, was reminded that in fact he did, a few years back in
the World Cup against Karjak as well as Hou Yifan. Still, Fabiano was
certainly taken aback with this.} 4. d3 {Against me, Fabiano tried 4.0-0 Nxe4
5.d4 Nd6 6.Bxc6 dxc6 7.dxe5 Nf5 8.Qe2!?, but against a well prepared opponent,
it is no wonder that Fabiano decided not to repeat that and try something else.
} Bc5 5. Nc3 {A relatively rare move that Fabiano played a few times before.
By this point, I don't think there is a variation against the Berlin that
Fabiano hasn't tried.} Nd4 {Shakhriyar responds quickly and energetically.} 6.
Ba4 {White has a few options here, but this one is not the most critical.
Fabiano probably wanted to get Shakh out of book and not test him in the
complications after 6.Nxe5.} c6 7. O-O d6 {It is often the question in these
positions, who will trade the knights first.} 8. Nxd4 Bxd4 9. h3 {This is
waving a red flag in front of a bull and could actually have been a brilliant
trap...} g5 $6 {Shakh goes for it. It is a common theme that when White has
castled and gone for the luft with h3, Black can often punish that with the
hyper-aggressive g5 push. The most recent famous example that comes to mind is
Aronian-Kramnik from the Berlin Candidates 2018, where I was seconding Kramnik
and was thrilled to see him cruise against such a formidable opponent in such
a spectacular style. I loved this push here as well, but when checking the
game with the computer afterwards, I was surprised to notice a major flaw.} 10.
Ne2 $2 {Surprisingly, Fabiano misses it as well. Now the g5 push is justified.}
(10. Nd5 $1 {I don't recall seeing such a resource, but it works perfectly
here. The threat is Bxg5, but also c3, getting rid of the important dark
squared bishop.} Rg8 {Is objectively best, probably, but now White gets rid of
the powerful bishop.} (10... Bd7 {was Shakh's original intention, but it fails
to work.} 11. Bxg5 $1 cxd5 {and now the immediate Qf3! or 12.Bxd7+ first wins
back the piece with dividends and it is White that remains on top in the end..}
) 11. c3 Bb6 12. Nxb6 axb6 13. Be3 {and White doesn't have much to fear.
Without the bishop on the a7-g1 diagonal, the g4 push alone lacks punch, as
after h4, g3 doesn't come with the same force, as there is no pressure on the
f2 pawn at all.}) 10... Bb6 11. c3 $6 {This feels too slow. Probably Fabiano
just didn't see anything better and decided to start defending.} (11. Ng3 $5 {
looks more natural.} g4 (11... Rg8 {is more solid, but then White has good
chances to weather the storm with 12.Be3.}) 12. Bg5 {Fabiano may have
underestimated this move and was only worried about 12.h4? Nh5!!. Now it's a
mess.} (12. h4 Nh5 $1)) 11... Rg8 12. d4 {White is hoping for some trades and
some kind of safety.} Nxe4 13. Bc2 d5 14. Bxe4 $6 {Understandable temptation
to cut your losses and try to defend the endgame, but the endgame is too
unpleasant and it was probably more promising to fish for chances in the muddy
waters after 14.dxe5!?.} dxe4 15. dxe5 Qxd1 16. Rxd1 g4 $1 {In the endgame too,
the g-file is an issue for White.} 17. h4 g3 18. Nd4 {Fabiano must have missed
or underestimated Shakh's next move.} (18. Be3 $5 {would offer better saving
chances, as the move in the game meets a mighty reply.}) 18... Bd8 $1 {
Brilliant. As soon as I saw it, it was clear that Fabiano is in a serious
trouble. It is key to prevent Bg5 and stabilize the dark squares on the
kingside. Now White can only do at a cost of a pawn, if not two.} 19. fxg3 Rxg3
20. Re1 $2 {After a long think Fabiano comes up with what looks like a very
good attempt at trying to settle for some worse but defendable position, but
as Shakh continues with perfect moves, this just leads to a lost position. It
is hard to suggest something, as White is clearly worse everywhere, but
something else should have been played.} Rg4 $1 21. Bg5 Bxg5 22. hxg5 Ke7 $1 {
The g5 pawn is doomed and there is no rush picking it up. Bd7 and Rag8 are
inevitable.} 23. Rad1 Bd7 $1 24. e6 {out of desperation Fabiano is trying to
setup some last line of defense, but this doesn't help.} fxe6 25. g6 hxg6 26.
Nb3 {I thought the point was to bring the knight to e3 and hope for some sort
of a fortress, but with the rooks on the board, being two pawns down, this is
unrealistic. Fabiano tries to regain the e4 pawn, threatening Nc5 and Nd2, but
it doesn't work either.} (26. Nc2 c5 27. Ne3 Rh4 28. Kf2 Bb5 {provoking c4,
which would be a weakness. Black should convert such a position, slowly but
surely.}) 26... e5 {the bishop comes to the rescue with Bf5! and turns out the
b7 pawn is not hanging because of Rb8-xb2 in the end.} 27. Na5 Be6 $1 {cutting
the path back. The b7 pawn is not hanging, once again, because of Rb8-xb2.} 28.
Rd2 Rb8 {The rest is easy.} 29. b4 Kf6 30. a4 Rg3 31. Rxe4 $2 {This loses
without much resistance.} (31. Rf2+ {was a little tougher, but it is still
losing, obviously.} Bf5 32. Rxe4 Ke6 33. Rc4 b6 $1 {This is a pretty clean
solution.} 34. Nxc6 Kd5 $1 {simplifying into a technically won endgame.}) 31...
Bd5 {The c3 pawn will fall on the next move and the knight on a5 is completely
out of play.} 32. Rh4 Rxc3 33. Rh7 b6 {this allows some sort of a tactical
trick, but in the end Shakh converts it cleanly and with some margin as well.}
34. Nxc6 {It doesn't quite work. White is still a pawn down, even if he wins
the piece back, but also Black will have some time to do some more damage.}
Bxc6 35. Rc7 Rc1+ 36. Kf2 Rf8 {There are many ways to force a won rook endgame
and what Shakh does wins as well.} 37. b5 Ke6+ 38. Kg3 Rc3+ 39. Kh2 {From the
body language it seemed as though Shakh has briefly missed something, but
after recomposing himself, he found a clean solution.} Rh8+ 40. Kg1 Rh1+ $1 {
This forces a won rook endgame. White gets back one pawn in the end, but the
king is cut off way too far.} 41. Kxh1 Bxg2+ 42. Rxg2 Rxc7 43. Rxg6+ Kd5 {
The rook endgame is hopeless and Black is threatening to gobble up the
queenside pawns eventually.} 44. a5 Kc5 45. axb6 axb6 46. Re6 Kxb5 47. Rxe5+
Rc5 {With the king on h1, this is not even close.} 48. Re1 Rg5 {The king is
cut off too far away and Black will push his b-pawn. The winning idea here is
that Black will get b5, then play Kc5, white will have to start giving checks
Rc1+ Kd4 Rb1 Kc3 Rc1+ Kb2 and b4 next.} 0-1